[Event "BI-2014-P-0004"]
[Site "LSS email"]
[Date "2014.04.19"]
[Round "?"]
[White "Best, Herbert A"]
[Black "Jordaan, Wayne"]
[Result "0-1"]
[WhiteElo "1212"]
[BlackElo "1453"]
[PlyCount "54"]
[EventDate "2014.04.25"]
[EventType "tourn (corr)"]
[EventRounds "10"]
[EventCountry "GER"]
[SourceTitle "Corr 2015"]
[Source "ChessBase"]
[SourceDate "2015.07.17"]
[SourceVersion "1"]
[SourceVersionDate "2015.07.17"]
[SourceQuality "1"]

1. e4 c5 2. Nf3 d6 3. d4 cxd4 4. Nxd4 Nf6 5. Nc3 a6 6. Be2 e5 7. Nb3 Be7 8. 0-0 Nc6 9. Be3 0-0 10. f3 Be6 11. Nd5 Rc8 12. Bb6 Qd7 13. c4 Bd8 14. c5 Bxd5 15. exd5 Nb4 16. Bxd8 Rfxd8 17. f4 e4 18. Bc4 dxc5 19. Qe2 b5 20. a3 bxc4 21. axb4 cxb3 22. Rxa6 cxb4 23. Rd1 Rc2 24. Rd2 Qc7 25. d6 Qc5+ 26. Kf1 Ng4 27. Qxg4 Rxd2 0-1

[Event "BI-2014-P-0004"]
[Site "LSS email"]
[Date "2014.04.19"]
[Round "?"]
[White "Billio, Maria"]
[Black "Best, Herbert A"]
[Result "1-0"]
[WhiteElo "1767"]
[BlackElo "1212"]
[PlyCount "49"]
[EventDate "2014.04.25"]
[EventType "tourn (corr)"]
[EventRounds "10"]
[EventCountry "GER"]
[SourceTitle "Corr 2015"]
[Source "ChessBase"]
[SourceDate "2015.07.17"]
[SourceVersion "1"]
[SourceVersionDate "2015.07.17"]
[SourceQuality "1"]

1. d4 Nf6 2. Nf3 e6 3. Bg5 Be7 4. Nbd2 0-0 5. c3 d5 6. e3 Nbd7 7. Qc2 c5 8. Bf4 c4 9. b3 Nb6 10. bxc4 dxc4 11. a4 Nbd5 12. Bxc4 Nxf4 13. exf4 Qc7 14. Ne5 b6 15. 0-0 Bb7 16. f5 exf5 17. Qxf5 Bd5 18. Rfe1 Bxc4 19. Nexc4 Rae8 20. a5 Qd7 21. Qxd7 Nxd7 22. axb6 axb6 23. Ra7 Bg5 24. Rxe8 Rxe8 25. Rxd7 1-0

[Event "BI-2014-P-0004"]
[Site "LSS email"]
[Date "2014.04.19"]
[Round "?"]
[White "Podvoysky, Evgeny Borisovich"]
[Black "Best, Herbert A"]
[Result "1-0"]
[WhiteElo "2227"]
[BlackElo "1212"]
[PlyCount "33"]
[EventDate "2014.04.25"]
[EventType "tourn (corr)"]
[EventRounds "10"]
[EventCountry "GER"]
[SourceTitle "Corr 2015"]
[Source "ChessBase"]
[SourceDate "2015.07.17"]
[SourceVersion "1"]
[SourceVersionDate "2015.07.17"]
[SourceQuality "1"]

1. e4 e6 2. Nf3 c5 3. d4 cxd4 4. Nxd4 Bc5 5. Nb3 Qb6 6. Nxc5 Qxc5 7. Qg4 Qe5 8. Nc3 f5 9. Qh5+ g6 10. Qh4 Qg7 11. Nb5 Qe5 12. Bf4 Qxe4+ 13. Kd1 Qd5+ 14. Kc1 Na6 15. Nd6+ Kf8 16. Qd8+ Kg7 17. Qe8 1-0

[Event "SE-2014-0-00159"]
[Site "LSS email"]
[Date "2014.02.26"]
[Round "?"]
[White "Best, Herbert A"]
[Black "Mashchenko, Vladimir"]
[Result "0-1"]
[WhiteElo "1212"]
[BlackElo "1817"]
[PlyCount "36"]
[EventDate "2014.01.14"]
[EventType "tourn (corr)"]
[EventRounds "6"]
[EventCountry "GER"]
[SourceTitle "Corr 2015"]
[Source "ChessBase"]
[SourceDate "2015.07.17"]
[SourceVersion "1"]
[SourceVersionDate "2015.07.17"]
[SourceQuality "1"]

1. e4 c5 2. Nf3 d6 3. d4 cxd4 4. Nxd4 Nf6 5. Nc3 a6 6. Bg5 e6 7. f4 Qb6 8. Qd2 Qxb2 9. Rb1 Qa3 10. Rb3 Qa5 11. Bd3 Nbd7 12. 0-0 Be7 13. Rfb1 Qc5 14. Rb4 e5 15. Na4 Qa7 16. fxe5 dxe5 17. Rb6 Nxb6 18. Nxb6 Bc5 0-1

[Event "SE-2014-0-00159"]
[Site "LSS email"]
[Date "2014.02.26"]
[Round "?"]
[White "Metz, Larry R"]
[Black "Best, Herbert A"]
[Result "1-0"]
[WhiteElo "1400"]
[BlackElo "1212"]
[PlyCount "57"]
[EventDate "2014.01.14"]
[EventType "tourn (corr)"]
[EventRounds "6"]
[EventCountry "GER"]
[SourceTitle "Corr 2015"]
[Source "ChessBase"]
[SourceDate "2015.07.17"]
[SourceVersion "1"]
[SourceVersionDate "2015.07.17"]
[SourceQuality "1"]

1. e4 e6 2. d4 d5 3. exd5 exd5 4. c4 dxc4 5. Bxc4 Bb4+ 6. Nc3 Ne7 7. Nf3 Bg4 8. Bxf7+ Kxf7 9. Ne5+ Kg8 10. Qxg4 h6 11. 0-0 Qc8 12. Qf3 Nbc6 13. Nd5 Nxe5 14. dxe5 Nxd5 15. Qxd5+ Kf8 16. Qf3+ Ke7 17. Be3 Rf8 18. Qg3 g5 19. a3 Ba5 20. Bc5+ Kf7 21. Qf3+ Kg8 22. Bxf8 Qxf8 23. Qd5+ Qf7 24. Qxa5 b6 25. Qc3 c5 26. Rad1 Qf5 27. Rd6 Re8 28. Qb3+ Kh7 29. Rf6 1-0

[Event "BI-2013-P-00029"]
[Site "LSS email"]
[Date "2013.04.23"]
[Round "?"]
[White "Best, Herbert A"]
[Black "Fernandez, Javier Horacio"]
[Result "0-1"]
[WhiteElo "1327"]
[BlackElo "2154"]
[PlyCount "56"]
[EventDate "2013.04.25"]
[EventType "tourn (corr)"]
[EventRounds "10"]
[EventCountry "GER"]
[SourceTitle "Telechess CBM 167"]
[Source "ChessBase"]
[SourceDate "2015.07.13"]
[SourceVersion "1"]
[SourceVersionDate "2015.07.13"]
[SourceQuality "1"]

1. e4 c5 2. Nf3 d6 3. d4 cxd4 4. Nxd4 Nf6 5. Nc3 a6 6. Bg5 Nbd7 7. a4 Qa5 8. Qd2 e6 9. Nb3 Qc7 10. Bd3 Be7 11. 0-0 h6 12. Bh4 Nxe4 13. Nxe4 Bxh4 14. Qf4 Be7 15. Rad1 Ne5 16. Nc3 d5 17. Rfe1 Bd6 18. Qd4 0-0 19. Re3 Nxd3 20. Rdxd3 Bxh2+ 21. Kh1 Bf4 22. Rf3 e5 23. Qxd5 Bg4 24. Rxf4 exf4 25. Qd4 Rfd8 26. Nd5 Qxc2 27. Ne7+ Kh8 28. Nd5 Be6 0-1

[Event "BI-2013-P-00029"]
[Site "LSS email"]
[Date "2013.04.23"]
[Round "?"]
[White "Best, Herbert A"]
[Black "Vontina, Maria"]
[Result "1-0"]
[WhiteElo "1327"]
[BlackElo "711"]
[PlyCount "99"]
[EventDate "2013.04.25"]
[EventType "tourn (corr)"]
[EventRounds "10"]
[EventCountry "GER"]
[SourceTitle "Telechess CBM 167"]
[Source "ChessBase"]
[SourceDate "2015.07.13"]
[SourceVersion "1"]
[SourceVersionDate "2015.07.13"]
[SourceQuality "1"]

1. e4 e6 2. d3 d5 3. Nd2 dxe4 4. Nxe4 Nf6 5. Bg5 Be7 6. Qf3 Nc6 7. Nxf6+ Bxf6 8. Bxf6 Qxf6 9. Qxf6 gxf6 10. Kd2 b6 11. Be2 Bb7 12. Bf3 Na5 13. b4 Bxf3 14. Nxf3 Nb7 15. Nd4 a6 16. b5 axb5 17. Nxb5 Kd7 18. Nc3 Nd6 19. f3 Rhg8 20. g3 Nf5 21. Ne4 Ke7 22. c3 Nd6 23. Nf2 Ra3 24. Rhb1 Rga8 25. Rb2 f5 26. Kc2 h5 27. Nd1 f6 28. c4 Nb7 29. Nc3 Nc5 30. d4 Na4 31. Rb3 Nxc3 32. Kxc3 Rxa2 33. Rxa2 Rxa2 34. Rb2 Ra1 35. Kb4 Rd1 36. Kc3 Kd6 37. f4 Rg1 38. Kb4 Rd1 39. c5+ bxc5+ 40. dxc5+ Kd5 41. Kb5 c6+ 42. Kb6 e5 43. fxe5 fxe5 44. Rf2 Rh1 45. Rd2+ Kc4 46. Kxc6 e4 47. Kd6 h4 48. gxh4 f4 49. c6 f3 50. c7 1-0

[Event "LSS No Engine Cup 85 Preliminary 4"]
[Site "LSS email"]
[Date "2013.03.28"]
[Round "?"]
[White "Obukhov, Gennady Nikolaevich"]
[Black "Best, Herbert A"]
[Result "1-0"]
[WhiteElo "1949"]
[BlackElo "1367"]
[PlyCount "81"]
[EventDate "2013.03.29"]
[EventType "tourn (corr)"]
[EventRounds "6"]
[EventCountry "GER"]
[SourceTitle "Telechess CBM 161"]
[Source "ChessBase"]
[SourceDate "2014.07.16"]
[SourceVersion "1"]
[SourceVersionDate "2014.07.16"]
[SourceQuality "1"]

1. d4 Nf6 2. Bg5 Ne4 3. Bh4 d5 4. e3 c5 5. Nc3 Qa5 6. Bb5+ Nd7 7. Nge2 a6 8. Bxd7+ Bxd7 9. 0-0 e6 10. Nxe4 dxe4 11. Nc3 cxd4 12. Qxd4 f5 13. Rad1 Qc7 14. Rd2 b5 15. Bg3 Qb7 16. Rfd1 Ra7 17. a4 b4 18. Ne2 Rg8 19. Be5 Be7 20. Nf4 g6 21. Bd6 Kf7 22. Bxe7 Kxe7 23. Qc5+ Ke8 24. Rxd7 Qxd7 25. Rxd7 Rxd7 26. f3 exf3 27. gxf3 Rgg7 28. Qc8+ Ke7 29. Qxa6 Rd6 30. Qb7+ Kf6 31. Qxb4 Rgd7 32. a5 Rd1+ 33. Kf2 R1d2+ 34. Kg3 e5 35. Nd3 Rxc2 36. Qf8+ Rf7 37. Qd6+ Kg5 38. Nxe5 Rfc7 39. h4+ Kh6 40. Qf8+ Kh5 41. Qf6 1-0

[Event "OP-2013-0-02699"]
[Site "LSS email"]
[Date "2013.03.24"]
[Round "?"]
[White "Best, Herbert A"]
[Black "Ederer, Karel"]
[Result "0-1"]
[WhiteElo "1367"]
[BlackElo "2005"]
[PlyCount "32"]
[EventDate "2013.03.19"]
[EventType "tourn (corr)"]
[EventRounds "4"]
[EventCountry "GER"]
[SourceTitle "Corr 2015"]
[Source "ChessBase"]
[SourceDate "2015.07.17"]
[SourceVersion "1"]
[SourceVersionDate "2015.07.17"]
[SourceQuality "1"]

1. e4 c5 2. Nf3 d6 3. d4 cxd4 4. c3 h5 5. Bc4 Nf6 6. Ng5 e6 7. Qb3 Nc6 8. Nxe6 Bxe6 9. Bxe6 fxe6 10. Qxb7 Qc8 11. Qb3 Rb8 12. Qc2 Qa6 13. a3 Ne5 14. cxd4 Nd3+ 15. Kd1 Nxe4 16. Rf1 Nxb2+ 0-1

[Event "OP-2013-0-02699"]
[Site "LSS email"]
[Date "2013.03.24"]
[Round "?"]
[White "Best, Herbert A"]
[Black "Piacentile, Carmine"]
[Result "0-1"]
[WhiteElo "1367"]
[BlackElo "1558"]
[PlyCount "42"]
[EventDate "2013.03.19"]
[EventType "tourn (corr)"]
[EventRounds "4"]
[EventCountry "GER"]
[SourceTitle "Telechess CBM 161"]
[Source "ChessBase"]
[SourceDate "2014.07.16"]
[SourceVersion "1"]
[SourceVersionDate "2014.07.16"]
[SourceQuality "1"]

1. e4 e5 2. Nf3 Nc6 3. Bb5 Nd4 4. Nxd4 exd4 5. 0-0 c6 6. Bc4 Nf6 7. a4 Nxe4 8. Qe2 d5 9. Bd3 Qe7 10. Re1 Nc5 11. Qf1 Be6 12. Bf5 Qf6 13. Bxe6 Nxe6 14. d3 Bb4 15. Bd2 Bd6 16. Re2 0-0 17. g3 Rae8 18. Qe1 Qf3 19. Rxe6 Rxe6 20. Qf1 f5 21. Be1 Qd1 0-1

[Event "SD-2012-0-00153"]
[Site "LSS email"]
[Date "2012.12.07"]
[Round "?"]
[White "Best, Herbert A"]
[Black "Reede, Arvo"]
[Result "0-1"]
[WhiteElo "1367"]
[BlackElo "1658"]
[PlyCount "20"]
[EventDate "2012.10.09"]
[EventType "tourn (corr)"]
[EventRounds "6"]
[EventCountry "GER"]
[SourceTitle "Corr 2015"]
[Source "ChessBase"]
[SourceDate "2015.07.17"]
[SourceVersion "1"]
[SourceVersionDate "2015.07.17"]
[SourceQuality "1"]

1. e4 c5 2. Nf3 d6 3. d4 cxd4 4. Nxd4 Nf6 5. Nc3 a6 6. Be2 e5 7. Nb3 Be7 8. 0-0 Be6 9. Bg5 0-0 10. a4 Nc6 0-1

[Event "SD-2012-0-00153"]
[Site "LSS email"]
[Date "2012.12.06"]
[Round "?"]
[White "Best, Herbert A"]
[Black "Drus, Michal"]
[Result "1-0"]
[WhiteElo "1367"]
[BlackElo "1451"]
[PlyCount "25"]
[EventDate "2012.10.09"]
[EventType "tourn (corr)"]
[EventRounds "6"]
[EventCountry "GER"]
[SourceTitle "Corr 2015"]
[Source "ChessBase"]
[SourceDate "2015.07.17"]
[SourceVersion "1"]
[SourceVersionDate "2015.07.17"]
[SourceQuality "1"]

1. e4 c6 2. Nf3 d5 3. exd5 cxd5 4. d4 Nf6 5. Bb5+ Bd7 6. Bxd7+ Nbxd7 7. 0-0 e6 8. Nc3 Bd6 9. Nb5 Bb8 10. Bg5 0-0 11. Re1 Qb6 12. Bxf6 Nxf6 13. Qd3 1-0

[Event "LSS No Engine Cup 74 Preliminary 5"]
[Site "LSS email"]
[Date "2012.10.09"]
[Round "?"]
[White "Best, Herbert A"]
[Black "Stadler, Pavel"]
[Result "0-1"]
[WhiteElo "1463"]
[BlackElo "1439"]
[PlyCount "52"]
[EventDate "2012.10.10"]
[EventType "tourn (corr)"]
[EventRounds "6"]
[EventCountry "GER"]
[SourceTitle "Telechess CBM 159"]
[Source "ChessBase"]
[SourceDate "2014.03.17"]
[SourceVersion "1"]
[SourceVersionDate "2014.03.17"]
[SourceQuality "1"]

1. e4 c5 2. Nf3 d6 3. d4 cxd4 4. Nxd4 Nf6 5. Nc3 a6 6. Bd3 e5 7. Nb3 Be7 8. 0-0 Be6 9. Nd5 Nxd5 10. exd5 Bxd5 11. Bxh7 Bc6 12. Bf5 d5 13. Qg4 Bf6 14. Bd2 Nd7 15. Rae1 Qc7 16. Bc3 0-0-0 17. f4 g6 18. Bxd7+ Rxd7 19. Nc5 d4 20. Nxd7 Bxd7 21. f5 dxc3 22. b3 Rh4 23. Qg3 Bxf5 24. Re3 e4 25. Qxc7+ Kxc7 26. Rd1 Rh8 0-1

[Event "OP-2012-0-02436"]
[Site "LSS email"]
[Date "2012.10.04"]
[Round "?"]
[White "Best, Herbert A"]
[Black "Pavlicek, Miroslav"]
[Result "0-1"]
[WhiteElo "1568"]
[BlackElo "1869"]
[PlyCount "44"]
[EventDate "2012.09.29"]
[EventType "tourn (corr)"]
[EventRounds "4"]
[EventCountry "GER"]
[SourceTitle "Telechess CBM 163"]
[Source "ChessBase"]
[SourceDate "2014.11.11"]
[SourceVersion "2"]
[SourceVersionDate "2014.11.11"]
[SourceQuality "1"]

1. e4 c5 2. Nf3 Nc6 3. d4 cxd4 4. c3 dxc3 5. Nxc3 e6 6. Bc4 a6 7. a4 Nge7 8. 0-0 Ng6 9. Re1 Be7 10. e5 Qc7 11. Qe2 b6 12. Be3 Ngxe5 13. Nxe5 Nxe5 14. Bxb6 Qxb6 15. Qxe5 0-0 16. Nd5 exd5 17. Bd3 Bd6 18. Qxd5 Bb7 19. Qh5 g6 20. Qh6 Rae8 21. h4 Qd4 22. Red1 Bf4 0-1

[Event "BI-2012-P-00007"]
[Site "LSS email"]
[Date "2012.04.20"]
[Round "?"]
[White "Schindler, Sven"]
[Black "Best, Herbert A"]
[Result "1-0"]
[WhiteElo "2319"]
[BlackElo "1474"]
[PlyCount "67"]
[EventDate "2012.04.22"]
[EventType "tourn (corr)"]
[EventRounds "10"]
[EventCountry "GER"]
[SourceTitle "Telechess CBM 159"]
[Source "ChessBase"]
[SourceDate "2014.03.17"]
[SourceVersion "1"]
[SourceVersionDate "2014.03.17"]
[SourceQuality "1"]

1. c4 Nf6 2. Nc3 e5 3. g3 Bc5 4. Bg2 0-0 5. e3 Re8 6. Nge2 e4 7. 0-0 c6 8. d4 exd3 9. Qxd3 d6 10. Rd1 Nbd7 11. Na4 Ne5 12. Qc2 Bb4 13. h3 Be6 14. b3 Qc8 15. a3 Ba5 16. Nf4 Bf5 17. Qe2 Ne4 18. g4 Nc3 19. Nxc3 Bxc3 20. Bb2 Bxb2 21. Qxb2 g5 22. Nh5 Bg6 23. Nf6+ Kf8 24. Nxe8 Qxe8 25. f4 Nd3 26. Qh8+ Ke7 27. Qxe8+ Rxe8 28. f5 Bxf5 29. gxf5 Nc5 30. b4 Nd7 31. Rd4 Nf6 32. Rad1 Rd8 33. c5 d5 34. e4 1-0

[Event "2011-ServTourn Final"]
[Site "LSS email"]
[Date "2011.11.16"]
[Round "?"]
[White "Best, Herbert A"]
[Black "Kappel, Ray D"]
[Result "0-1"]
[WhiteElo "1700"]
[BlackElo "1339"]
[PlyCount "98"]
[EventDate "2011.11.15"]
[EventType "tourn (corr)"]
[EventRounds "6"]
[EventCountry "GER"]
[SourceTitle "Telechess CBM 153"]
[Source "ChessBase"]
[SourceDate "2013.03.14"]
[SourceVersion "1"]
[SourceVersionDate "2013.03.14"]
[SourceQuality "1"]

1. e4 c6 2. Nc3 d5 3. d4 dxe4 4. Nxe4 Bf5 5. Ng3 Bg6 6. h4 h6 7. h5 Bh7 8. Nf3 Nd7 9. Bc4 Ngf6 10. c3 e6 11. 0-0 Bd6 12. Re1 Qc7 13. Ne5 Nxe5 14. dxe5 Bxe5 15. Nf1 0-0 16. Qe2 Bd6 17. a4 a6 18. a5 Bc5 19. b4 Bd6 20. Be3 c5 21. b5 axb5 22. Bxb5 Rxa5 23. Rxa5 Qxa5 24. c4 Qc7 25. Ra1 b6 26. Ra6 Ne4 27. Qa2 Nc3 28. Qb3 Nxb5 29. Qxb5 Rb8 30. Qa4 Be4 31. Ra7 Rb7 32. Qe8+ Kh7 33. Ra8 Rb8 34. Rxb8 Qxb8 35. Qxf7 Bf5 36. f3 Qc7 37. Qe8 Bd3 38. Qa4 e5 39. Ng3 Qf7 40. Qb3 Qxc4 41. Qxb6 Qd5 42. Ne4 Bxe4 43. fxe4 Qxe4 44. Bxh6 Qd4+ 45. Kh1 Kxh6 46. Qb1 e4 47. Qc1+ e3 48. Qb1 Qh4+ 49. Kg1 Qh2+ 0-1

[Event "2011-ServTourn Final"]
[Site "LSS email"]
[Date "2011.11.16"]
[Round "?"]
[White "Best, Herbert A"]
[Black "Ovall, Larry"]
[Result "0-1"]
[WhiteElo "1700"]
[BlackElo "2056"]
[PlyCount "44"]
[EventDate "2011.11.15"]
[EventType "tourn (corr)"]
[EventRounds "6"]
[EventCountry "GER"]
[SourceTitle "Telechess CBM 153"]
[Source "ChessBase"]
[SourceDate "2013.03.14"]
[SourceVersion "1"]
[SourceVersionDate "2013.03.14"]
[SourceQuality "1"]

1. e4 e6 2. Bd3 Qg5 3. Qf3 Nc6 4. Nh3 Qg6 5. Qg3 Qxg3 6. hxg3 Nb4 7. f4 d5 8. Bb5+ c6 9. Ba4 b5 10. Bb3 Nf6 11. exd5 exd5 12. a3 Na6 13. Ng5 Bc5 14. c3 0-0 15. d4 Re8+ 16. Kf2 Bf5 17. dxc5 Ng4+ 18. Kf3 Nxc5 19. Ba2 Nd3 20. Bd2 h5 21. a4 Nh2+ 22. Rxh2 Bg4# 0-1

[Event "2011-ServTourn Final"]
[Site "LSS email"]
[Date "2011.11.16"]
[Round "?"]
[White "Ng, Willy C"]
[Black "Best, Herbert A"]
[Result "1-0"]
[WhiteElo "1494"]
[BlackElo "1700"]
[PlyCount "59"]
[EventDate "2011.11.15"]
[EventType "tourn (corr)"]
[EventRounds "6"]
[EventCountry "GER"]
[SourceTitle "Telechess CBM 153"]
[Source "ChessBase"]
[SourceDate "2013.03.14"]
[SourceVersion "1"]
[SourceVersionDate "2013.03.14"]
[SourceQuality "1"]

1. e4 e6 2. Nf3 c5 3. b4 Nc6 4. bxc5 Bxc5 5. d4 Bb6 6. c3 Nge7 7. Bd3 Ng6 8. 0-0 0-0 9. e5 Nce7 10. Bg5 f5 11. h4 h6 12. Bd2 Nd5 13. g3 Ba5 14. Ne1 Qc7 15. Qh5 Kh7 16. Nf3 Nde7 17. g4 Nh8 18. g5 d5 19. gxh6 g6 20. Ng5+ Kg8 21. h7+ Kg7 22. Qf3 Nf7 23. h5 gxh5 24. Qxh5 Ng6 25. Kh1 Nfh8 26. Rg1 Qe7 27. Nf3 Kf7 28. Bg5 Qe8 29. Bf6 Bd7 30. Ng5# 1-0

[Event "2011-ServTourn Final"]
[Site "LSS email"]
[Date "2011.11.16"]
[Round "?"]
[White "Ovall, Larry"]
[Black "Best, Herbert A"]
[Result "1-0"]
[WhiteElo "2056"]
[BlackElo "1700"]
[PlyCount "39"]
[EventDate "2011.11.15"]
[EventType "tourn (corr)"]
[EventRounds "6"]
[EventCountry "GER"]
[SourceTitle "Telechess CBM 153"]
[Source "ChessBase"]
[SourceDate "2013.03.14"]
[SourceVersion "1"]
[SourceVersionDate "2013.03.14"]
[SourceQuality "1"]

1. e4 e6 2. d4 d5 3. Nc3 Bb4 4. e5 c5 5. a3 Bxc3+ 6. bxc3 Qc7 7. Qg4 f6 8. Nf3 Nc6 9. Bb5 f5 10. Qg3 a6 11. Bxc6+ bxc6 12. dxc5 Rb8 13. Nd4 a5 14. Bf4 h6 15. Nxf5 g5 16. Nd6+ Kf8 17. Bxg5 hxg5 18. Qf3+ Ke7 19. Qf7+ Kd8 20. Qe8# 1-0

[Event "2011 SB-1"]
[Site "LSS email"]
[Date "2011.08.11"]
[Round "?"]
[White "Best, Herbert A"]
[Black "Evans, Stanley W"]
[Result "1/2-1/2"]
[WhiteElo "1700"]
[BlackElo "1140"]
[PlyCount "77"]
[EventDate "2011.08.14"]
[EventType "tourn (corr)"]
[EventRounds "18"]
[EventCountry "GER"]
[SourceTitle "Telechess CBM 153"]
[Source "ChessBase"]
[SourceDate "2013.03.14"]
[SourceVersion "1"]
[SourceVersionDate "2013.03.14"]
[SourceQuality "1"]

1. e4 e5 2. Nf3 Nc6 3. Bb5 Nf6 4. 0-0 Bc5 5. Nxe5 Nxe4 6. Qe2 Nxe5 7. Qxe4 Qe7 8. d4 Nc6 9. Bxc6 dxc6 10. Qxe7+ Bxe7 11. Re1 Be6 12. Bf4 0-0-0 13. Be3 g5 14. Nd2 g4 15. a4 h5 16. Ne4 Rhg8 17. Nc5 Bxc5 18. dxc5 Bf5 19. c3 Rde8 20. Bd4 h4 21. Bf6 h3 22. g3 Be6 23. a5 Rg6 24. Bh4 Bd7 25. Kf1 Rge6 26. a6 Rxe1+ 27. Rxe1 Rxe1+ 28. Kxe1 bxa6 29. Bf6 a5 30. Kd2 Be6 31. Ke3 a4 32. f4 Bd5 33. Kd4 Kd7 34. Ke5 Bf3 35. f5 a6 36. Bh4 Be2 37. Kf6 Ke8 38. Kg7 Bf3 39. Bg5 1/2-1/2

[Event "2011 SB-1"]
[Site "LSS email"]
[Date "2011.08.11"]
[Round "?"]
[White "Best, Herbert A"]
[Black "Holmquist, Marson C"]
[Result "0-1"]
[WhiteElo "1700"]
[BlackElo "546"]
[PlyCount "30"]
[EventDate "2011.08.14"]
[EventType "tourn (corr)"]
[EventRounds "18"]
[EventCountry "GER"]
[SourceTitle "Corr 2015"]
[Source "ChessBase"]
[SourceDate "2015.07.17"]
[SourceVersion "1"]
[SourceVersionDate "2015.07.17"]
[SourceQuality "1"]

1. e4 c5 2. Nf3 Nc6 3. d4 cxd4 4. Nxd4 Nxd4 5. Qxd4 Qc7 6. Nc3 e6 7. Be3 e5 8. Qd2 d6 9. Nb5 Qd8 10. Nxa7 Be7 11. Nxc8 Qxc8 12. Bb5+ Kf8 13. 0-0 Nf6 14. Bd3 d5 15. exd5 Nxd5 0-1

[Event "2011 SB-1"]
[Site "LSS email"]
[Date "2011.08.11"]
[Round "?"]
[White "Best, Herbert A"]
[Black "Kappel, Ray D"]
[Result "1-0"]
[WhiteElo "1700"]
[BlackElo "1339"]
[PlyCount "59"]
[EventDate "2011.08.14"]
[EventType "tourn (corr)"]
[EventRounds "18"]
[EventCountry "GER"]
[SourceTitle "Telechess CBM 153"]
[Source "ChessBase"]
[SourceDate "2013.03.14"]
[SourceVersion "1"]
[SourceVersionDate "2013.03.14"]
[SourceQuality "1"]

1. e4 d6 2. Bc4 Nf6 3. d3 g6 4. Ne2 Bg7 5. 0-0 0-0 6. Nbc3 e5 7. f4 Bg4 8. Qe1 Bxe2 9. Qxe2 exf4 10. Bxf4 Nbd7 11. Rf3 Ne5 12. Bxe5 dxe5 13. Raf1 Qd6 14. Qf2 Qd4 15. h3 Rad8 16. Qxd4 exd4 17. Nb5 c6 18. Na3 Rd7 19. Rxf6 Bxf6 20. Rxf6 a5 21. c3 b5 22. Bb3 a4 23. Bc2 c5 24. Nxb5 Kg7 25. e5 Rd5 26. cxd4 cxd4 27. Bxa4 Rxe5 28. Rf2 Re3 29. Bc2 Rfe8 30. Nxd4 1-0

[Event "2011 SB-1"]
[Site "LSS email"]
[Date "2011.08.11"]
[Round "?"]
[White "Best, Herbert A"]
[Black "Thomas, Gerald K"]
[Result "0-1"]
[WhiteElo "1700"]
[BlackElo "1778"]
[PlyCount "44"]
[EventDate "2011.08.14"]
[EventType "tourn (corr)"]
[EventRounds "18"]
[EventCountry "GER"]
[SourceTitle "Telechess CBM 153"]
[Source "ChessBase"]
[SourceDate "2013.03.14"]
[SourceVersion "1"]
[SourceVersionDate "2013.03.14"]
[SourceQuality "1"]

1. e4 Nf6 2. Nc3 e5 3. f4 d5 4. exd5 e4 5. Bc4 c6 6. dxc6 Nxc6 7. Nge2 Bc5 8. Na4 Be7 9. c3 a6 10. Qb3 b5 11. Bxb5 axb5 12. Qxb5 Bd7 13. Qb3 Qa5 14. Nb6 Rb8 15. Nc4 Qa6 16. Qc2 Qxc4 17. b3 Nb4 18. Qd1 Nd3+ 19. Kf1 Qc7 20. Qc2 Bg4 21. g3 Bh3+ 22. Kg1 Bc5+ 0-1

[Event "2011 SB-1"]
[Site "LSS email"]
[Date "2011.08.11"]
[Round "?"]
[White "Holmquist, Marson C"]
[Black "Best, Herbert A"]
[Result "0-1"]
[WhiteElo "546"]
[BlackElo "1700"]
[PlyCount "44"]
[EventDate "2011.08.14"]
[EventType "tourn (corr)"]
[EventRounds "18"]
[EventCountry "GER"]
[SourceTitle "Telechess CBM 153"]
[Source "ChessBase"]
[SourceDate "2013.03.14"]
[SourceVersion "1"]
[SourceVersionDate "2013.03.14"]
[SourceQuality "1"]

1. d4 Nf6 2. c4 e5 3. dxe5 Ng4 4. Nf3 Bc5 5. e3 Nc6 6. Bd3 Ngxe5 7. Nxe5 Nxe5 8. Be4 Nxc4 9. Qc2 Bb4+ 10. Nc3 d5 11. Bd3 c6 12. 0-0 Ne5 13. Be2 Be6 14. a3 Bd6 15. b4 Ng4 16. f4 Qh4 17. Bxg4 Bxg4 18. Bb2 Qe7 19. f5 Qxe3+ 20. Kh1 Qh6 21. Rae1+ Kd7 22. Ne2 Qxh2# 0-1

[Event "2011 SB-1"]
[Site "LSS email"]
[Date "2011.08.11"]
[Round "?"]
[White "Kohler, Dennis R"]
[Black "Best, Herbert A"]
[Result "0-1"]
[WhiteElo "1255"]
[BlackElo "1700"]
[PlyCount "28"]
[EventDate "2011.08.14"]
[EventType "tourn (corr)"]
[EventRounds "18"]
[EventCountry "GER"]
[SourceTitle "Corr 2015"]
[Source "ChessBase"]
[SourceDate "2015.07.17"]
[SourceVersion "1"]
[SourceVersionDate "2015.07.17"]
[SourceQuality "1"]

1. e4 e6 2. d4 d5 3. Nc3 Bb4 4. e5 c5 5. a3 Bxc3+ 6. bxc3 Qc7 7. Nf3 Ne7 8. Bd3 Nbc6 9. Be3 0-0 10. 0-0 Nf5 11. Bxf5 exf5 12. h3 h6 13. Bf4 g5 14. Bh2 Qe7 0-1

[Event "2011 SB-1"]
[Site "LSS email"]
[Date "2011.08.11"]
[Round "?"]
[White "Ng, Willy C"]
[Black "Best, Herbert A"]
[Result "1-0"]
[WhiteElo "1494"]
[BlackElo "1700"]
[PlyCount "67"]
[EventDate "2011.08.14"]
[EventType "tourn (corr)"]
[EventRounds "18"]
[EventCountry "GER"]
[SourceTitle "Telechess CBM 153"]
[Source "ChessBase"]
[SourceDate "2013.03.14"]
[SourceVersion "1"]
[SourceVersionDate "2013.03.14"]
[SourceQuality "1"]

1. e4 e6 2. Nf3 d5 3. e5 c5 4. b4 cxb4 5. a3 bxa3 6. d4 Qc7 7. c3 Nc6 8. Bd3 f5 9. 0-0 Nge7 10. Nxa3 a6 11. Nb5 Qb8 12. Nd6+ Kd7 13. Ba3 Ng6 14. Ng5 Ncxe5 15. dxe5 Nxe5 16. Ndf7 Nxf7 17. Nxf7 Rg8 18. Qe2 Bxa3 19. Rxa3 g6 20. Ne5+ Ke7 21. Rb1 Qd6 22. Rab3 b5 23. Nf3 Kf6 24. Qe3 f4 25. Qd2 Bd7 26. Re1 Rae8 27. Ne5 g5 28. Bxh7 Rh8 29. Bg6 Re7 30. Qd4 Rg8 31. Ng4+ Kxg6 32. Qf6+ Kh5 33. Qh6+ Kxg4 34. Qh3# 1-0